Geography Quiz

Random Geography or City Quiz

Rhode Island Cities and Towns Quiz Stats

 Plays Quiz not verified by Sporcle

Challenge
Share
Tweet
Embed
Score 0/39 Timer 06:00
0 Plays Today
county city % Correct
NewportNewport
94.1%
ProvidenceProvidence
94.1%
BristolBristol
91.2%
ProvidenceEast Providence
90.2%
KentWarwick
89.2%
ProvidenceNorth Providence
85.3%
ProvidenceCranston
84.3%
KentWest Warwick
82.4%
WashingtonWesterly
81.4%
ProvidencePawtucket
81.4%
BristolBarrington
80.4%
ProvidenceWoonsocket
78.4%
WashingtonNarragansett
77.5%
WashingtonNorth Kingstown
74.5%
WashingtonSouth Kingstown
73.5%
KentCoventry
72.5%
NewportJamestown
72.5%
NewportTiverton
72.5%
NewportPortsmouth
72.5%
KentEast Greenwich
71.6%
county city % Correct
ProvidenceCumberland
70.6%
NewportMiddletown
70.6%
ProvidenceLincoln
69.6%
NewportLittle Compton
69.6%
BristolWarren
68.6%
WashingtonCharlestown
67.6%
KentWest Greenwich
67.6%
ProvidenceFoster
66.7%
WashingtonExeter
66.7%
ProvidenceCentral Falls
65.7%
ProvidenceJohnston
65.7%
ProvidenceSmithfield
64.7%
WashingtonNew Shoreham
63.7%
WashingtonHopkinton
60.8%
ProvidenceScituate
59.8%
ProvidenceGlocester
56.9%
WashingtonRichmond
55.9%
ProvidenceNorth Smithfield
54.9%
ProvidenceBurrillville
53.9%

You're not logged in!

Compare scores with friends on all Sporcle quizzes.
Join for Free
OR
Log In

You Might Also Like...

Show Comments

Extras

Top Quizzes Today


Score Distribution

Your Account Isn't Verified!

In order to create a playlist on Sporcle, you need to verify the email address you used during registration. Go to your Sporcle Settings to finish the process.

Report this User

Report this user for behavior that violates our Community Guidelines.

Details: